01092nam a22001817a 4500008004100000020001500041050001600056100002900072245007200101260003800173300001800211504015600229505041100385650002300796650002000819650004100839700003000880150313b1981 MX ||||| |||| 00| 0 spa d a9682602262 aHM1033bR38 aRaven, Bertram H.eautor aPsicología Socialb : Las personas en gruposc / Raven Bertram H. aMéxicob : Continentalc , 1981 a575 páginas aIncluye: Dedicatorias Prefacio ídnice de materias Apéndice Glosario Referencias (pp. 521-558) Créditos de las ilustraciones Índice alfabético aTodos somos psicológos sociales La persona solitaria Toma de consiencia de los demás y de nosotros mismos Simpatia y antipatia, amistad y agresión La interdependencia de las personas Incluencia interpresonal y poder social La estructura de los grupos Incluencia del grupo sobre la conducta individual Ejecución del grupo, eficacia del grupo y liderazgo Conflicto, armonía y tensión entre grupos 0aRELACIONES HUMANAS 0aGRUPOS SOCIALES 0aCOMPORTAMIENTO DEL INDIVIDUOxGRUPOS aRubín Jeffrey Z.eautor